[Event "2. Torneio Aberto do Brasil - Fortaleza"]
[Site "Fortaleza BRA"]
[Date "2012.04.06"]
[Round "3.65"]
[White "Macedo, Luiz Soares De"]
[Black "Rodrigues, Francisco Arimateia"]
[Result "1-0"]
[WhiteElo "1757"]
[BlackElo "1632"]
[PlyCount "53"]
[EventDate "2012.04.05"]
[EventType "swiss"]
[EventRounds "7"]
[EventCountry "BRA"]
[Source "lmi"]
[SourceDate "2012.08.05"]

1. e4 Nf6 2. Nc3 d5 3. e5 d4 4. Nb5 Ng8 5. Be2 g6 6. Nf3 Bg7 7. O-O c5 8. Bc4
e6 9. Nd6+ Ke7 10. Ne4 b6 11. Be2 Nc6 12. d3 Nxe5 13. Nxe5 Bxe5 14. Bf3 Rb8 15.
Be2 Qc7 16. f4 Bd6 17. Nxd6 Qxd6 18. f5 e5 19. f6+ Kf8 20. Bg5 h6 21. Bh4 g5
22. Bg3 Nxf6 23. Qe1 Ng4 24. Bxg4 Bxg4 25. Bxe5 Qd8 26. Bxh8 Qe7 27. Qe5 1-0

[Event "2. Torneio Aberto do Brasil - Fortaleza"]
[Site "Fortaleza BRA"]
[Date "2012.04.07"]
[Round "4.1"]
[White "Limp, Eduardo Thelio"]
[Black "Vescovi, Giovanni"]
[Result "0-1"]
[WhiteElo "2382"]
[BlackElo "2604"]
[PlyCount "38"]
[EventDate "2012.04.05"]
[EventType "swiss"]
[EventRounds "7"]
[EventCountry "BRA"]
[Source "lmi"]
[SourceDate "2012.08.05"]

1. e4 c5 2. Nf3 d6 3. d4 cxd4 4. Nxd4 Nf6 5. Nc3 a6 6. Bg5 Nbd7 7. Qd2 b5 8. f3
e6 9. O-O-O Bb7 10. Bxb5 axb5 11. Ndxb5 Ra6 12. f4 Qb8 13. e5 Ne4 14. Qd4 Nxc3
15. Qxc3 Rc6 16. Nxd6+ Bxd6 17. Qd4 O-O 18. exd6 Rfc8 19. Rd2 Rc4 0-1

[Event "2. Torneio Aberto do Brasil - Fortaleza"]
[Site "Fortaleza BRA"]
[Date "2012.04.07"]
[Round "4.2"]
[White "Cubas, Jose Fernando"]
[Black "Perdomo, Leandro"]
[Result "1/2-1/2"]
[WhiteElo "2518"]
[BlackElo "2372"]
[PlyCount "77"]
[EventDate "2012.04.05"]
[EventType "swiss"]
[EventRounds "7"]
[EventCountry "BRA"]
[Source "lmi"]
[SourceDate "2012.08.05"]

1. e4 e5 2. Nf3 Nc6 3. Bc4 Nf6 4. d3 Bc5 5. Nc3 h6 6. Be3 d6 7. Bxc5 dxc5 8.
Bb5 Qd6 9. Bxc6+ bxc6 10. h3 Be6 11. b3 Nh5 12. Ne2 g6 13. Qd2 Ng7 14. Nh2 Bd7
15. f4 exf4 16. Nxf4 g5 17. Ne2 f5 18. O-O-O O-O 19. exf5 Nxf5 20. Nf3 a5 21.
Nc3 Qf6 22. a4 Rab8 23. Rhe1 Be6 24. g4 Nd4 25. Nxd4 cxd4 26. Ne4 Qe7 27. Kb2
Rb4 28. Ra1 Rfb8 29. Qf2 Rf8 30. Qe2 Bd5 31. Nd2 Qc5 32. Nc4 Rfb8 33. Qe5 Rxb3+
34. cxb3 Rxb3+ 35. Kc2 Rc3+ 36. Kb1 Rb3+ 37. Kc2 Rc3+ 38. Kb1 Rb3+ 39. Kc2
1/2-1/2

[Event "2. Torneio Aberto do Brasil - Fortaleza"]
[Site "Fortaleza BRA"]
[Date "2012.04.07"]
[Round "4.3"]
[White "Macedo, Maximo Iack"]
[Black "Mekhitarian, Krikor Sevag"]
[Result "1-0"]
[WhiteElo "2328"]
[BlackElo "2512"]
[PlyCount "93"]
[EventDate "2012.04.05"]
[EventType "swiss"]
[EventRounds "7"]
[EventCountry "BRA"]
[Source "lmi"]
[SourceDate "2012.08.05"]

1. d4 Nf6 2. c4 e6 3. Nc3 Bb4 4. e3 b6 5. Bd3 Bb7 6. Nf3 O-O 7. a3 Bxc3+ 8.
bxc3 Be4 9. Be2 c5 10. O-O Nc6 11. Nd2 Bg6 12. f3 d6 13. Nb3 e5 14. e4 Nd7 15.
g4 Qe7 16. Ra2 Rac8 17. Rd2 Rc7 18. Qe1 Nd8 19. d5 h5 20. Bd3 b5 21. Na5 bxc4
22. Nxc4 hxg4 23. fxg4 Nf6 24. h3 Nb7 25. Rd1 Nh7 26. h4 f6 27. Qg3 Qd7 28. Rf2
Qa4 29. Rdf1 Be8 30. g5 fxg5 31. Rxf8+ Nxf8 32. Bxg5 Bb5 33. Nb2 Qb3 34. Qf3
Nh7 35. Bxb5 Qxb5 36. Qf5 Qe8 37. Nc4 Rf7 38. Qg4 Qd7 39. Qxd7 Rxd7 40. Kg2 Rf7
41. Rb1 Nf8 42. Kg3 Ng6 43. a4 Rd7 44. a5 a6 45. Rb6 Ne7 46. Bxe7 Rxe7 47. Rxa6
1-0

[Event "2. Torneio Aberto do Brasil - Fortaleza"]
[Site "Fortaleza BRA"]
[Date "2012.04.07"]
[Round "4.4"]
[White "Lima, Darcy"]
[Black "Martins, Vinicius Tine"]
[Result "1-0"]
[WhiteElo "2509"]
[BlackElo "2329"]
[PlyCount "63"]
[EventDate "2012.04.05"]
[EventType "swiss"]
[EventRounds "7"]
[EventCountry "BRA"]
[Source "lmi"]
[SourceDate "2012.08.05"]

1. e4 c5 2. Nf3 d6 3. d4 cxd4 4. Nxd4 Nf6 5. Nc3 a6 6. g3 e5 7. Nb3 Nbd7 8. Bg2
b5 9. O-O Bb7 10. Re1 Be7 11. Nd2 O-O 12. Nf1 b4 13. Nd5 Nxd5 14. exd5 Bg5 15.
Ne3 a5 16. a3 Nf6 17. Bd2 Bxe3 18. Bxe3 Qd7 19. Bg5 Ne8 20. axb4 axb4 21. Rxa8
Bxa8 22. Qd3 Nc7 23. Ra1 Rb8 24. b3 h6 25. Bd2 f5 26. Qc4 e4 27. Ra7 Rb7 28.
Ra5 Rb5 29. Rxb5 Nxb5 30. Qxb4 Bxd5 31. c4 Qa7 32. Qxb5 1-0

[Event "2. Torneio Aberto do Brasil - Fortaleza"]
[Site "Fortaleza BRA"]
[Date "2012.04.07"]
[Round "4.5"]
[White "Pinheiro, Iung Alicio De O"]
[Black "El Debs, Felipe De Cresce"]
[Result "0-1"]
[WhiteElo "2321"]
[BlackElo "2507"]
[PlyCount "186"]
[EventDate "2012.04.05"]
[EventType "swiss"]
[EventRounds "7"]
[EventCountry "BRA"]
[Source "lmi"]
[SourceDate "2012.08.05"]

1. Nf3 d5 2. c4 c6 3. e3 Nf6 4. Nc3 g6 5. d4 Bg7 6. Bd3 O-O 7. O-O Bg4 8. h3
Bxf3 9. Qxf3 e6 10. Rd1 Nbd7 11. Qe2 Qb6 12. b3 Rfe8 13. Bb2 a5 14. Rac1 Rad8
15. Qc2 Qa7 16. Bf1 Nb6 17. Ba3 Nc8 18. Bc5 Qb8 19. Ba3 Nd6 20. Bd3 Bf8 21. Bc5
Nd7 22. Ba3 Bg7 23. Rb1 Bf8 24. Bf1 Rc8 25. Qb2 h5 26. Kh1 Bg7 27. Qd2 Red8 28.
Bxd6 Qxd6 29. c5 Qc7 30. b4 axb4 31. Rxb4 e5 32. Rdb1 Rb8 33. Bd3 exd4 34. exd4
Nf8 35. Ne2 Ne6 36. Kg1 Qa5 37. Qc2 Re8 38. h4 Ra8 39. a4 Re7 40. g3 Ra7 41.
Kg2 Qd8 42. R1b3 Bf6 43. Qb1 Kg7 44. Rxb7 Nxd4 45. Nxd4 Bxd4 46. Bc2 Raxb7 47.
Rxb7 Rxb7 48. Qxb7 Qf6 49. f4 Bxc5 50. Qb3 Qd4 51. Kh3 Qf2 52. Qd3 Qe1 53. Qf3
Bd4 54. Bd3 f5 55. Bf1 Qa1 56. Qe2 Qxa4 57. Qe7+ Kh6 58. Qg5+ Kh7 59. Qe7+ Bg7
60. Bg2 Qd4 61. Qd7 Qf6 62. Kh2 Kh6 63. Kh3 Bf8 64. Bf3 Qd6 65. Qf7 Bg7 66. Qb7
Qe6 67. Kg2 Kh7 68. Kh3 Kg8 69. Kg2 Bf8 70. Kh3 Be7 71. Kg2 Kf7 72. Kf2 Qd6 73.
Kg2 Ke8 74. Qa8+ Bd8 75. Qb7 Qc7 76. Qa8 Kd7 77. Qa4 Qa5 78. Qd4 Qa2+ 79. Kh3
Qa3 80. Kg2 Be7 81. Qg7 Qd6 82. Qd4 Bd8 83. Qa7+ Bc7 84. Qd4 Kc8 85. Qh8+ Kb7
86. Qd4 Ba5 87. Kh3 Bb4 88. Kg2 Qe7 89. Kh3 Bc5 90. Qb2+ Kc7 91. Qa2 Qe3 92.
Bg2 Bb4 93. Kh2 Be1 0-1

[Event "2. Torneio Aberto do Brasil - Fortaleza"]
[Site "Fortaleza BRA"]
[Date "2012.04.07"]
[Round "4.6"]
[White "Dayer, Horacio Saldano"]
[Black "Barreto filho, Carlos Alberto"]
[Result "1-0"]
[WhiteElo "2440"]
[BlackElo "2324"]
[PlyCount "73"]
[EventDate "2012.04.05"]
[EventType "swiss"]
[EventRounds "7"]
[EventCountry "BRA"]
[Source "lmi"]
[SourceDate "2012.08.05"]

1. d4 Nf6 2. c4 g6 3. Nc3 Bg7 4. e4 d6 5. f3 O-O 6. Be3 c5 7. Nge2 Nc6 8. d5
Ne5 9. Ng3 e6 10. Be2 exd5 11. cxd5 h5 12. O-O a6 13. Qd2 b5 14. Bh6 b4 15.
Bxg7 Kxg7 16. Nd1 h4 17. Nh1 Re8 18. Ndf2 Bd7 19. f4 Neg4 20. Bf3 Nxf2 21. Nxf2
Nh7 22. Rfe1 Qf6 23. b3 g5 24. f5 Qd8 25. Qb2+ f6 26. Bh5 Rh8 27. Bf3 Bb5 28.
Ng4 Nf8 29. e5 dxe5 30. Rxe5 fxe5 31. Qxe5+ Kh7 32. Nf6+ Kh6 33. Ng4+ Kh7 34.
Be4 Ra7 35. f6+ Ng6 36. Qxg5 Qe8 37. Ne5 1-0

[Event "2. Torneio Aberto do Brasil - Fortaleza"]
[Site "Fortaleza BRA"]
[Date "2012.04.07"]
[Round "4.7"]
[White "Pereira, Silvio Cunha"]
[Black "Molina, Roberto Junio Brito"]
[Result "0-1"]
[WhiteElo "2298"]
[BlackElo "2407"]
[PlyCount "72"]
[EventDate "2012.04.05"]
[EventType "swiss"]
[EventRounds "7"]
[EventCountry "BRA"]
[Source "lmi"]
[SourceDate "2012.08.05"]

1. e4 c5 2. Nf3 e6 3. d4 cxd4 4. Nxd4 Nf6 5. Nc3 d6 6. Be3 a6 7. Be2 Be7 8. O-O
O-O 9. f4 Qc7 10. Qe1 b5 11. a3 Bb7 12. Bf3 Nc6 13. Nxc6 Bxc6 14. Qg3 a5 15. e5
Nd7 16. f5 exf5 17. Bh6 g6 18. Bxf8 Rxf8 19. Bxc6 Qxc6 20. exd6 Bxd6 21. Qd3 b4
22. axb4 axb4 23. Nd1 Ne5 24. Qe2 Ng4 25. h3 Re8 26. Qd2 Qc5+ 27. Nf2 Nxf2 28.
Rxf2 Bg3 29. Kf1 Bxf2 30. Qxf2 Qc4+ 31. Kg1 Re2 32. Qg3 Qxc2 33. Ra8+ Kg7 34.
Qd6 Qd2 35. Qb8 Qe3+ 36. Kh2 Qe5+ 0-1

[Event "2. Torneio Aberto do Brasil - Fortaleza"]
[Site "Fortaleza BRA"]
[Date "2012.04.07"]
[Round "4.8"]
[White "Barbosa, Evandro Amorim"]
[Black "Borges, Wagner Da Silva"]
[Result "1-0"]
[WhiteElo "2399"]
[BlackElo "2185"]
[PlyCount "52"]
[EventDate "2012.04.05"]
[EventType "swiss"]
[EventRounds "7"]
[EventCountry "BRA"]
[Source "lmi"]
[SourceDate "2012.08.05"]

1. e4 d6 2. d4 Nf6 3. Nc3 g6 4. f4 Bg7 5. Nf3 O-O 6. e5 dxe5 7. fxe5 Nd5 8. Bc4
Nxc3 9. bxc3 Nc6 10. O-O Na5 11. Bd3 Be6 12. Ng5 Bc4 13. Bxc4 Nxc4 14. Nxf7
Rxf7 15. Rxf7 Kxf7 16. Qf1+ Kg8 17. Qxc4+ Kh8 18. Ba3 Qd7 19. e6 Qd8 20. Rf1
Bf6 21. d5 c6 22. Rxf6 cxd5 23. Bxe7 Qxe7 24. Qd4 Qg7 25. e7 Kg8 26. Qxd5+ Kh8
1-0

[Event "2. Torneio Aberto do Brasil - Fortaleza"]
[Site "Fortaleza BRA"]
[Date "2012.04.07"]
[Round "4.9"]
[White "Santiago, Yago De Moura"]
[Black "Mendonca, Mateus Nakajo"]
[Result "1/2-1/2"]
[WhiteElo "2360"]
[BlackElo "2216"]
[PlyCount "108"]
[EventDate "2012.04.05"]
[EventType "swiss"]
[EventRounds "7"]
[EventCountry "BRA"]
[Source "lmi"]
[SourceDate "2012.08.05"]

1. d4 Nf6 2. c4 g6 3. Nc3 d5 4. Nf3 Bg7 5. e3 O-O 6. b4 b6 7. Qb3 Bb7 8. Bb2
dxc4 9. Bxc4 e6 10. Be2 Nd5 11. O-O Nc6 12. Nxd5 Qxd5 13. Qxd5 exd5 14. b5 Nd8
15. a4 a6 16. a5 bxa5 17. bxa6 Bxa6 18. Rxa5 Bxe2 19. Rxa8 Bxf1 20. Kxf1 Ne6
21. Ra5 Rb8 22. Ba3 Rb1+ 23. Ke2 Ra1 24. Bb4 Rxa5 25. Bxa5 f5 26. g3 Kf7 27. h4
Bf6 28. Bb4 Ke8 29. Kd3 Kd7 30. Ne1 f4 31. Ng2 fxg3 32. fxg3 h5 33. Nf4 Nxf4+
34. exf4 Ke6 35. Ke3 Kf5 36. Bc5 Kg4 37. Kf2 Bd8 38. Bb4 Bf6 39. Bc5 Kf5 40.
Ke3 Bd8 41. Kf3 Ke6 42. Bf8 Bf6 43. Bc5 Be7 44. Bxe7 Kxe7 45. g4 hxg4+ 46. Kxg4
Kf6 47. f5 gxf5+ 48. Kf4 Kg6 49. h5+ Kxh5 50. Kxf5 Kh4 51. Ke5 Kg3 52. Kxd5 Kf4
53. Kc6 Ke4 54. Kxc7 Kxd4 1/2-1/2

[Event "2. Torneio Aberto do Brasil - Fortaleza"]
[Site "Fortaleza BRA"]
[Date "2012.04.07"]
[Round "4.10"]
[White "Bezerra, Flavio Rodrigo Cost"]
[Black "Asfora, Marco Antonio Hazin"]
[Result "0-1"]
[WhiteElo "2033"]
[BlackElo "2221"]
[PlyCount "101"]
[EventDate "2012.04.05"]
[EventType "swiss"]
[EventRounds "7"]
[EventCountry "BRA"]
[Source "lmi"]
[SourceDate "2012.08.05"]

1. e4 g6 2. d4 Bg7 3. Nc3 d6 4. Nf3 Nf6 5. h3 O-O 6. Be3 c6 7. a4 b6 8. Bc4 d5
9. Bd3 dxe4 10. Nxe4 Nd5 11. Bd2 Qc7 12. Qc1 Ba6 13. Bxa6 Nxa6 14. c3 c5 15.
dxc5 Nxc5 16. Nxc5 bxc5 17. O-O Rab8 18. Re1 Rfe8 19. Rb1 c4 20. Qc2 e6 21. Be3
Rb7 22. Nd2 Reb8 23. Ne4 Qc6 24. Nd2 f5 25. Nf3 e5 26. Bd2 e4 27. Nd4 Bxd4 28.
cxd4 Rb3 29. a5 Qb5 30. Rec1 c3 31. Be1 Rxb2 32. Rxb2 cxb2 33. Rb1 Kf7 34. Bd2
a6 35. Be1 h6 36. Bd2 g5 37. g4 Qd3 38. Rxb2 Qxc2 39. Rxc2 Rb1+ 40. Kg2 f4 41.
Bc1 Ke6 42. Ba3 Kd7 43. Bc1 Nb4 44. Rb2 Rxc1 45. Rxb4 f3+ 46. Kg3 Rg1+ 47. Kh2
Rg2+ 48. Kh1 Rxf2 49. Kg1 Rd2 50. Rb3 Kd6 51. Kf1 0-1

[Event "2. Torneio Aberto do Brasil - Fortaleza"]
[Site "Fortaleza BRA"]
[Date "2012.04.07"]
[Round "4.11"]
[White "Macedo, Maximo Valerio"]
[Black "Rodi, Luis Ernesto"]
[Result "1/2-1/2"]
[WhiteElo "2070"]
[BlackElo "2391"]
[PlyCount "105"]
[EventDate "2012.04.05"]
[EventType "swiss"]
[EventRounds "7"]
[EventCountry "BRA"]
[Source "lmi"]
[SourceDate "2012.08.05"]

1. e4 e6 2. d4 d5 3. Nc3 Bb4 4. e5 c5 5. a3 Ba5 6. b4 cxd4 7. Qxd4 Bc7 8. f4
Ne7 9. Qd1 Bd7 10. Nf3 Bb6 11. Bd3 Nbc6 12. Nb5 Nc8 13. Bb2 a6 14. Nbd4 N8e7
15. Qe2 Nxd4 16. Nxd4 Nc6 17. Nf3 g6 18. O-O-O Qc7 19. Kb1 Na7 20. c4 dxc4 21.
Bxc4 Bc6 22. Ng5 Rc8 23. Rc1 Qe7 24. Rhd1 O-O 25. g4 Rfd8 26. Ne4 Bxe4+ 27.
Qxe4 a5 28. b5 Rd7 29. Rxd7 Qxd7 30. a4 Bc5 31. f5 Rd8 32. fxe6 fxe6 33. Bxe6+
Qxe6 34. Rxc5 Nc8 35. Qc4 Qxc4 36. Rxc4 Nb6 37. Re4 Rd1+ 38. Kc2 Rh1 39. Re2
Nd5 40. e6 Kf8 41. Ba3+ Nb4+ 42. Bxb4+ axb4 43. Kb3 Rb1+ 44. Kc4 Ke7 45. b6 b3
46. a5 b2 47. Kb4 Rg1 48. Rxb2 Rxg4+ 49. Ka3 Rg5 50. Ka4 Rg1 51. Rb3 Rg4+ 52.
Rb4 Rg1 53. Rb3 1/2-1/2

[Event "2. Torneio Aberto do Brasil - Fortaleza"]
[Site "Fortaleza BRA"]
[Date "2012.04.07"]
[Round "4.12"]
[White "Carvalho, Miguel Angelo Alvar"]
[Black "Cavalcanti, Francisco De Assis"]
[Result "1/2-1/2"]
[WhiteElo "2065"]
[BlackElo "2292"]
[PlyCount "92"]
[EventDate "2012.04.05"]
[EventType "swiss"]
[EventRounds "7"]
[EventCountry "BRA"]
[Source "lmi"]
[SourceDate "2012.08.05"]

1. e4 c5 2. Nf3 Nc6 3. d4 cxd4 4. Nxd4 Nf6 5. Nc3 e5 6. Ndb5 d6 7. Bg5 a6 8.
Na3 b5 9. Nd5 Be7 10. Bxf6 Bxf6 11. c4 b4 12. Nc2 Rb8 13. b3 O-O 14. g3 Bg5 15.
Bg2 Kh8 16. O-O f5 17. exf5 Bxf5 18. Nde3 Bxc2 19. Nxc2 Ne7 20. Qd3 Qb6 21. Be4
Rf6 22. Ne3 h5 23. Qe2 g6 24. h4 Bh6 25. Nd5 Nxd5 26. Bxd5 Rbf8 27. Kg2 Kh7 28.
Rad1 Kg7 29. Rd3 Qa7 30. Rf3 a5 31. Rxf6 Rxf6 32. Rd1 g5 33. hxg5 Bxg5 34. Rd3
Kh6 35. Rf3 Qg7 36. Rxf6+ Qxf6 37. Bf3 h4 38. Qd3 hxg3 39. fxg3 Qg6 40. Be4 Qf6
41. Qd5 Be3 42. Bf3 Bc5 43. Qg8 Qg6 44. Qh8+ Qh7 45. Qf6+ Qg6 46. Qh8+ Qh7
1/2-1/2

[Event "2. Torneio Aberto do Brasil - Fortaleza"]
[Site "Fortaleza BRA"]
[Date "2012.04.07"]
[Round "4.13"]
[White "De Araujo, Felipe Fernandes Vi"]
[Black "Lima Neto, Pedro"]
[Result "1-0"]
[WhiteElo "2269"]
[BlackElo "2058"]
[PlyCount "47"]
[EventDate "2012.04.05"]
[EventType "swiss"]
[EventRounds "7"]
[EventCountry "BRA"]
[Source "lmi"]
[SourceDate "2012.08.05"]

1. d4 d5 2. c4 c6 3. Nf3 Nf6 4. g3 Bf5 5. Bg2 e6 6. Nc3 Nbd7 7. Qb3 Qb6 8. c5
Qxb3 9. axb3 e5 10. b4 exd4 11. Nxd4 Bg6 12. Bf4 Be7 13. O-O O-O 14. h3 Rfe8
15. Nb3 Nf8 16. Na5 Ne6 17. Nxb7 Nd4 18. e3 Nb3 19. Ra3 Bc2 20. Re1 a5 21. Nxa5
Nxa5 22. Rxa5 Rxa5 23. bxa5 Bxc5 24. Rc1 1-0

[Event "2. Torneio Aberto do Brasil - Fortaleza"]
[Site "Fortaleza BRA"]
[Date "2012.04.07"]
[Round "4.14"]
[White "Azevedo Junior, Jose Ferreira"]
[Black "Mascarenhas, Alberto Pinheiro"]
[Result "0-1"]
[WhiteElo "2059"]
[BlackElo "2268"]
[PlyCount "70"]
[EventDate "2012.04.05"]
[EventType "swiss"]
[EventRounds "7"]
[EventCountry "BRA"]
[Source "lmi"]
[SourceDate "2012.08.05"]

1. Nf3 Nf6 2. c4 g6 3. Nc3 Bg7 4. g3 O-O 5. Bg2 d6 6. O-O Nc6 7. b3 e5 8. Bb2
Re8 9. e4 Bg4 10. h3 Bxf3 11. Bxf3 Nd4 12. Bg2 Nh5 13. Ne2 Nxe2+ 14. Qxe2 Qd7
15. Kh2 c5 16. a3 Bh6 17. h4 Rf8 18. d3 Qe7 19. Bc1 Bxc1 20. Raxc1 Ng7 21. Bh3
Rae8 22. Rce1 f5 23. f4 exf4 24. Rxf4 Nh5 25. Rf3 f4 26. g4 Ng3 27. Qd2 Qxh4
28. Rg1 Qf6 29. b4 b6 30. a4 Qe5 31. a5 bxa5 32. b5 a4 33. Qa2 a3 34. Qxa3 Ne2
35. Rgf1 Nd4 0-1

[Event "2. Torneio Aberto do Brasil - Fortaleza"]
[Site "Fortaleza BRA"]
[Date "2012.04.07"]
[Round "4.15"]
[White "Brito, Luismar"]
[Black "Lima Filho, Gilberto Faco"]
[Result "1-0"]
[WhiteElo "2247"]
[BlackElo "2056"]
[PlyCount "67"]
[EventDate "2012.04.05"]
[EventType "swiss"]
[EventRounds "7"]
[EventCountry "BRA"]
[Source "lmi"]
[SourceDate "2012.08.05"]

1. e4 e5 2. Nf3 Nc6 3. Bb5 a6 4. Ba4 Nf6 5. O-O b5 6. Bb3 Be7 7. Re1 O-O 8. d4
exd4 9. e5 Ne8 10. c3 d5 11. Nxd4 Na5 12. Bc2 c5 13. Nf5 Bxf5 14. Bxf5 g6 15.
Bg4 Ng7 16. Bf3 Qb6 17. Bxd5 Rad8 18. Qf3 Ne6 19. Na3 c4 20. Nc2 Rd7 21. Be3
Qc7 22. Rad1 Nb7 23. Nd4 Nbc5 24. Bh6 Rc8 25. b4 Rxd5 26. Qxd5 Rd8 27. Qc6 Nd3
28. Qxc7 Nxc7 29. Nc6 Re8 30. Re3 Bf8 31. Bxf8 Kxf8 32. Rexd3 cxd3 33. Rxd3 Kg7
34. f4 1-0

[Event "2. Torneio Aberto do Brasil - Fortaleza"]
[Site "Fortaleza BRA"]
[Date "2012.04.07"]
[Round "4.16"]
[White "Cardoso, Almir Correia"]
[Black "Cunha, Eduardo Arruda Da G"]
[Result "1-0"]
[WhiteElo "2045"]
[BlackElo "2242"]
[PlyCount "95"]
[EventDate "2012.04.05"]
[EventType "swiss"]
[EventRounds "7"]
[EventCountry "BRA"]
[Source "lmi"]
[SourceDate "2012.08.05"]

1. e4 c5 2. Nf3 d6 3. d4 cxd4 4. Nxd4 Nf6 5. Nc3 a6 6. Bg5 e6 7. f4 Be7 8. Qf3
Qc7 9. O-O-O Nbd7 10. g4 O-O 11. h4 b5 12. Bxf6 Bxf6 13. g5 Bxd4 14. Rxd4 Bb7
15. Bh3 Rfc8 16. h5 Nc5 17. Rh2 Qb6 18. Rhd2 b4 19. Ne2 b3 20. a3 bxc2 21. b4
Nxe4 22. Rxe4 Rc4 23. Qe3 Qc7 24. Rxc4 Qxc4 25. Rxc2 Qd5 26. Nc3 Qh1+ 27. Kb2
Bf3 28. Bf1 Bxh5 29. Bxa6 Bg6 30. Bd3 Bxd3 31. Qxd3 d5 32. Qd4 Qf1 33. b5 Rc8
34. a4 g6 35. Nxd5 Rxc2+ 36. Kxc2 exd5 37. b6 Qa6 38. Kb3 Qf1 39. Kb4 Qc1 40.
Kb5 Qc8 41. Qxd5 Qe8+ 42. Ka5 Qe1+ 43. Ka6 Qe2+ 44. Ka7 Qe3 45. a5 Qf2 46. a6
Qe3 47. Qd6 Qe4 48. Qb8+ 1-0

[Event "2. Torneio Aberto do Brasil - Fortaleza"]
[Site "Fortaleza BRA"]
[Date "2012.04.07"]
[Round "4.17"]
[White "Umetsubo, Cesar Hidemitsu"]
[Black "Costa, Fernando De Souza"]
[Result "1-0"]
[WhiteElo "2235"]
[BlackElo "2045"]
[PlyCount "63"]
[EventDate "2012.04.05"]
[EventType "swiss"]
[EventRounds "7"]
[EventCountry "BRA"]
[Source "lmi"]
[SourceDate "2012.08.05"]

1. e4 e5 2. Nf3 d6 3. d4 Nd7 4. Bc4 c6 5. O-O Be7 6. c3 Ngf6 7. Nbd2 O-O 8. Bb3
h6 9. Re1 Nh7 10. Nc4 Qc7 11. Ne3 Nb6 12. Qe2 g6 13. Bd2 Kg7 14. Rad1 Ng5 15.
Bc2 Nxf3+ 16. Qxf3 Bg5 17. b3 Qe7 18. a4 a6 19. g3 h5 20. dxe5 dxe5 21. h4 Bf6
22. a5 Nd7 23. Nc4 Rh8 24. Be3 Nc5 25. b4 Bg4 26. Bxc5 Qxc5 27. Qxf6+ Kxf6 28.
bxc5 Bxd1 29. Rxd1 Rad8 30. Rd6+ Ke7 31. Nxe5 Rxd6 32. cxd6+ 1-0

[Event "2. Torneio Aberto do Brasil - Fortaleza"]
[Site "Fortaleza BRA"]
[Date "2012.04.07"]
[Round "4.18"]
[White "De Paula, Rafael Figueiredo"]
[Black "Dos Santos, Haroldo Cunha"]
[Result "0-1"]
[WhiteElo "2041"]
[BlackElo "2233"]
[PlyCount "92"]
[EventDate "2012.04.05"]
[EventType "swiss"]
[EventRounds "7"]
[EventCountry "BRA"]
[Source "lmi"]
[SourceDate "2012.08.05"]

1. e4 e5 2. Nf3 Nc6 3. Bb5 f5 4. d3 fxe4 5. dxe4 Nf6 6. O-O d6 7. Nc3 a6 8.
Bxc6+ bxc6 9. Qd3 a5 10. Qc4 Qd7 11. Rd1 Ba6 12. Qb3 Qf7 13. Ng5 Qc4 14. Ne6
Kd7 15. Qxc4 Bxc4 16. Nxf8+ Rhxf8 17. f3 h6 18. b3 Ba6 19. Na4 Bb5 20. Nc5+ Ke7
21. Nd3 Bxd3 22. Rxd3 c5 23. Rd1 a4 24. Bb2 Rfb8 25. Kf2 Rb6 26. Bc3 Rba6 27.
Ke3 Ke6 28. Bb2 c6 29. Kf2 Ne8 30. Rab1 g6 31. h4 h5 32. Rg1 Nf6 33. Ke3 d5 34.
exd5+ cxd5 35. Kd3 Kd6 36. Rge1 d4 37. Bc1 axb3 38. axb3 Ra2 39. Bd2 R8a3 40.
c3 Nd5 41. cxd4 c4+ 42. Kxc4 Rxd2 43. Rxe5 Rc2+ 44. Kd3 Raa2 45. Rbe1 Nb4+ 46.
Ke3 Rxg2 0-1

[Event "2. Torneio Aberto do Brasil - Fortaleza"]
[Site "Fortaleza BRA"]
[Date "2012.04.07"]
[Round "4.19"]
[White "Bouwman, Marcelo Wanderley"]
[Black "Dos Santos, Tiago Augusto"]
[Result "1/2-1/2"]
[WhiteElo "2222"]
[BlackElo "2023"]
[PlyCount "56"]
[EventDate "2012.04.05"]
[EventType "swiss"]
[EventRounds "7"]
[EventCountry "BRA"]
[Source "lmi"]
[SourceDate "2012.08.05"]

1. e4 c5 2. Nf3 d6 3. d4 cxd4 4. Nxd4 Nf6 5. Nc3 a6 6. Be2 e6 7. O-O Be7 8. f4
Qc7 9. Kh1 Nc6 10. Be3 Bd7 11. a4 Rc8 12. Nb3 Nb4 13. Bf3 O-O 14. a5 Bc6 15.
Bb6 Qb8 16. Qe2 d5 17. e5 Ne4 18. Bxe4 dxe4 19. Nd4 Nd5 20. Nxc6 Rxc6 21. Bd4
Nb4 22. Qxe4 Rc4 23. Rad1 Rd8 24. b3 Rdxd4 25. Rxd4 Rxc3 26. Rxb4 Bxb4 27. Qxb4
Rxc2 28. Rd1 h6 1/2-1/2

[Event "2. Torneio Aberto do Brasil - Fortaleza"]
[Site "Fortaleza BRA"]
[Date "2012.04.07"]
[Round "4.20"]
[White "Rothebarth, Ana Vitoria De Pau"]
[Black "Costa, Carlos Evanir"]
[Result "1/2-1/2"]
[WhiteElo "2030"]
[BlackElo "2217"]
[PlyCount "90"]
[EventDate "2012.04.05"]
[EventType "swiss"]
[EventRounds "7"]
[EventCountry "BRA"]
[Source "lmi"]
[SourceDate "2012.08.05"]

1. e4 c5 2. Nc3 e6 3. g3 Nc6 4. Bg2 g6 5. Nge2 Bg7 6. O-O Nge7 7. a3 O-O 8. Rb1
d5 9. d3 d4 10. Na2 e5 11. c4 dxc3 12. Naxc3 Be6 13. Be3 Nd4 14. b4 c4 15. dxc4
Bxc4 16. Re1 Qd7 17. Bxd4 exd4 18. Nf4 Rad8 19. Ncd5 Nxd5 20. Nxd5 f5 21. Nf4
d3 22. Qd2 Rfe8 23. exf5 Re2 24. Nxe2 dxe2 25. Qxd7 Rxd7 26. Bf3 Rd2 27. Rbc1
b5 28. fxg6 hxg6 29. Rxc4 bxc4 30. Bxe2 c3 31. Bc4+ Kf8 32. Rc1 Bd4 33. Bb3
Bxf2+ 34. Kh1 Bd4 35. Rc2 Rd1+ 36. Kg2 Rb1 37. Ba2 Ra1 38. Kf3 Re1 39. a4 Re3+
40. Kg2 Ke7 41. Bb3 Kd6 42. Kf1 Be5 43. Kf2 Rd3 44. Ke2 Rd4 45. Rxc3 Rxb4
1/2-1/2

[Event "2. Torneio Aberto do Brasil - Fortaleza"]
[Site "Fortaleza BRA"]
[Date "2012.04.07"]
[Round "4.21"]
[White "Santos, Antonio Inacio Dos"]
[Black "Guimaraes, Marcelo Cunha"]
[Result "0-1"]
[WhiteElo "2017"]
[BlackElo "2216"]
[PlyCount "94"]
[EventDate "2012.04.05"]
[EventType "swiss"]
[EventRounds "7"]
[EventCountry "BRA"]
[Source "lmi"]
[SourceDate "2012.08.05"]

1. d4 Nf6 2. c4 c5 3. Nf3 cxd4 4. Nxd4 e5 5. Nb5 d5 6. cxd5 Bc5 7. e3 a6 8.
N5c3 b5 9. Be2 O-O 10. O-O e4 11. Nd2 Bf5 12. a3 Nbd7 13. Nb3 Bd6 14. Nd4 Bg6
15. f4 exf3 16. Bxf3 Ne5 17. Be2 Qd7 18. Nc6 Nxc6 19. dxc6 Qxc6 20. Bf3 Qc7 21.
Bxa8 Bxh2+ 22. Kh1 Rxa8 23. Nd5 Nxd5 24. Qxd5 Rd8 25. Qf3 Be5 26. e4 Qe7 27.
Qg4 h5 28. Qg5 Bf6 29. Qg3 h4 30. Qg4 Qxe4 31. Qxe4 Bxe4 32. Kh2 Rc8 33. Rf2
Bd4 34. Re2 Be5+ 35. Kg1 f5 36. Be3 Kf7 37. Rc1 Rh8 38. Rf2 h3 39. gxh3 Rxh3
40. Re2 Rxe3 41. Rxe3 Bd4 42. Kf2 f4 43. Rd1 Bxe3+ 44. Ke2 g5 45. Rd6 g4 46.
Rd7+ Ke6 47. Rd8 Bf3+ 0-1